Sèvres - Statistiques

Statistiques générales
  • Ce quiz a été pris 23 fois
  • Le résultat moyen est 8 sur 10
Statistiques - réponses
Question Réponse % Correct
Dans quel département se situe la ville de Sèvres ? Hauts de Seine
100%
Quel est le monument connu au sein de la commune ? Manufacture de la Céramique
100%
Quelle ligne de transport en commun passe par la commune ? Tramway T2
92%
Quelle émission télévisée a été tournée à Sèvres ? Fais pas ci, fais pas ça
85%
Qui est le ou la maire actuel.le de Sèvres ? (2026) Grégoire de la Roncière
85%
Que signifie le SEL ? Sèvres Espace Loisirs
85%
Quel est le gentilé des habitant.e.s de la ville ? Sévrien, Sévrienne
77%
Combien y a t il d'habitants à Sèvres ? 20000
69%
Quelle personnalité n'est pas liée à la commune ? Amélie Mauresmo, tenniswoman
46%
Combien y a t il de skate parcs à Sèvres ? 1
31%
Aucun quiz correspondant
Distribution des résultats
% des personnes avec chaque résultat
Percentile par nombre de réponses
Votre historique - résultats
Vous n’avez pas pris ce quiz